
Library Catalogue

| 000 -LEADER | |
|---|---|
| fixed length control field | 00523nam a2200157Ia 4500 |
| 008 - FIXED-LENGTH DATA ELEMENTS--GENERAL INFORMATION | |
| fixed length control field | 160316s2002 xxu||||| |||| 00| 0 eng d |
| 082 ## - DEWEY DECIMAL CLASSIFICATION NUMBER | |
| Classification number | 370.190000 |
| Item number | FER |
| 100 ## - MAIN ENTRY--PERSONAL NAME | |
| Personal name | Fernandes Gracy |
| 245 ## - TITLE STATEMENT | |
| Title | Resilience: A joyfull Growth Part-1 |
| 250 ## - EDITION STATEMENT | |
| Edition statement | |
| 260 ## - PUBLICATION, DISTRIBUTION, ETC. | |
| Place of publication, distribution, etc. | Mumbai |
| Name of publisher, distributor, etc. | The Research Unit Collage of Social Work, Nirmala |
| Date of publication, distribution, etc. | 2002 |
| 300 ## - PHYSICAL DESCRIPTION | |
| Extent | 71 |
| Other physical details | |
| Dimensions | |
| 365 ## - TRADE PRICE | |
| Price amount | |
| 650 ## - SUBJECT ADDED ENTRY--TOPICAL TERM | |
| Topical term or geographic name entry element | Nature of Resilience, Models of Resiliency, Programme with the Parent and Teachers, Children's camp. |
| 700 ## - ADDED ENTRY--PERSONAL NAME | |
| Personal name | D'soza Pierina |
| -- | Samuel Vinny |
| Withdrawn status | Lost status | Damaged status | Not for loan | Home library | Current library | Shelving location | Date acquired | Total Checkouts | Full call number | Barcode | Date last seen | Price effective from | Koha item type |
|---|---|---|---|---|---|---|---|---|---|---|---|---|---|
| . | . | 30.05.2017 | 370.19 FER | REP10175 | 30.05.2017 | 30.05.2017 | Repository |